L' imaginaire: psychologie phénoménologique de l'imagination
Guardat en:
| Autor principal: | |
|---|---|
| Format: | Llibre |
| Idioma: | francès |
| Publicat: |
París
Gallimard
1956
|
| Edició: | 29a. ed |
| Col·lecció: | Bibliothèque des Idées
|
| Matèries: | |
| Etiquetes: |
Afegir etiqueta
Sense etiquetes, Sigues el primer a etiquetar aquest registre!
|
MARC
| LEADER | 00000nam a2200000 a 4500 | ||
|---|---|---|---|
| 001 | UCZ3275 | ||
| 003 | CL-VaPUC | ||
| 008 | 951020e19560000FR |||||||||||||||||fre|d | ||
| 082 | 0 | 4 | |a 153.3 |b SAR |2 21 |
| 100 | 0 | |a Sartre, Jean-Paul |e author |9 269377 | |
| 245 | 1 | 3 | |a L' imaginaire: psychologie phénoménologique de l'imagination |
| 250 | |a 29a. ed | ||
| 300 | |a 246 p | ||
| 942 | |c BK | ||
| 945 | |d 19951020 00:00:00 |a cmena | ||
| 260 | |a París |b Gallimard |c 1956 | ||
| 650 | 0 | |a Fenomenología |9 256519 | |
| 650 | 0 | |a Imaginación |9 269378 | |
| 650 | 0 | |a Verdad |9 313815 | |
| 650 | 0 | |a Cognición |9 270347 | |
| 650 | 0 | |a Filosofía francesa |9 255698 | |
| 583 | |a last modification |c 19951020 00:00:00 |k Rodrigo Vera | ||
| 490 | 0 | |a Bibliothèque des Idées | |
| 999 | |c 239765 |d 239763 | ||
| 952 | |0 0 |1 0 |4 0 |6 153_300000000000000_SAR_1956 |7 0 |8 P |9 251151 |a BIBEDU |b BIBEDU |c BIBEDU_PB |d 2019-11-18 |i 2916886 |o 153.3 SAR 1956 |p 2916886 |r 2024-01-25 |w 2019-11-18 |y BK |k FIL | ||